000 00786nam a2200265Ia 4500
001 dia_1947
003 CHAP
005 20240226110711.0
008 220117s1974 xx 000 0 und d
010 _a172483
040 _cCHAP
082 _a633.68 P44
100 _aPhillips, Trumanp
_9151905
245 _aCassava Utilization and Potential Markets /
_c by Trumanp Phillips
260 _aCanadá :
_b International Development Research Center,
_c1974
300 _a181 p.
650 _a1.Yuca
_xCultivo
_9151906
650 _aYuca
_xComercio
_9151907
650 _aYuca
_xDerivados
_9151908
650 _aYuca
_xMercadotecnia
_9151909
901 _a633.68 P44
902 _aM
905 _a0000001974 xxcX 0000000000en 00
942 _cLIBRO
_2ddc
999 _c172483
_d172483